| 000 | 00804nam a2200217 a 4500 | ||
|---|---|---|---|
| 005 | 20240911064753.0 | ||
| 008 | 050923s2003 ag r 000 0 spa d | ||
| 020 | _a9879306112 | ||
| 035 | _aUPN01000140297 | ||
| 049 | _aCG | ||
| 050 | 4 |
_aHX550 R4.8 _bA2.4 |
|
| 245 | 0 | 0 |
_aA 100 años del ¿qué hacer? : _bleninismo, crítica marxista y la cuestión de la revolución hoy / _ccomp. Werner Bonefeld. |
| 260 |
_aBuenos Aires : _bHerramienta : _bUniversidad Autónoma de Puebla, _c2003. |
||
| 300 | _a294 p. | ||
| 534 |
_pTítulo original: _tWhat is to be done? : leninism, anti-leninist marxism and the question of revolution today |
||
| 650 | 4 |
_aREVOLUCIONES Y SOCIALISMO _914826 |
|
| 650 | 4 |
_aComunismo _96792 |
|
| 650 | 4 |
_aCapitalismo _96436 |
|
| 700 | 1 |
_aBonefeld, Werner, _ecomp. |
|
| 905 | _aLibro | ||
| 999 |
_c112445 _d112445 |
||